| 000 | 00460nam a2200217Ia 4500 | ||
|---|---|---|---|
| 003 | IT-RoPAU | ||
| 008 | 120407s9999 xx 000 0 und d | ||
| 040 | _aIT-RoPAU | ||
| 040 | _cIT-RoPAU | ||
| 041 | _aita | ||
| 100 | _aPietro Parente | ||
| 245 | _aCristo vivente nel mondo. A cura di P. Parente | ||
| 250 | _aRoma | ||
| 260 | _aColetti | ||
| 260 | _c1956 | ||
| 300 | _a956 p. | ||
| 300 | _c25 cm | ||
| 490 | _v1 | ||
| 942 | _cBK | ||
| 999 |
_c37364 _d37364 |
||